| 000 | 00879nam a22002057a 4500 | ||
|---|---|---|---|
| 005 | 20260511144510.0 | ||
| 008 | 260511b |||||||| |||| 00| 0 eng d | ||
| 040 | _cCRL | ||
| 041 | _aਪੰਜਾਬੀ | ||
| 100 |
_aਕੌਰ, ਅਰਸ਼ਦੀਪ _91239000 |
||
| 245 |
_a21 ਵੀਂ ਸਦੀ ਦੇ ਪੰਜਾਬੀ ਸਿਨੇਮਾ ਵਿੱਚ ਸੱਭਿਆਚਾਰਕ ਇਤਿਹਾਸ ਦੀ ਪੇਸ਼ਕਾਰੀ: _bਨਵ- ਇਤੀਹਸਵਾਦੀ ਪਰਿਪੇਖ _cby ਅਰਸ਼ਦੀਪ ਕੌਰ |
||
| 260 |
_aDelhi, _bUniversity of Delhi: _c2024. |
||
| 300 | _a270 ਪ. | ||
| 502 |
_bPh.D. _cUniversity of Delhi |
||
| 650 |
_aਪੰਜਾਬੀ ਸਿਨੇਮਾ _91239001 |
||
| 700 |
_aਬੇਅੰਤ ਕੌਰ _91239002 |
||
| 710 |
_bDepartment of Punjabi, University of Delhi: _91238985 |
||
| 942 | _cTH | ||
| 999 |
_c1851189 _d1851189 |
||